|
|
|
|
| LEADER |
00000nab a2200000 a 4500 |
| 001 |
vtls000640783 |
| 003 |
SK-MaSNL |
| 005 |
20260304094821.0 |
| 008 |
250425c1997 xo 0 slo |
| 015 |
|
|
|a SNBRB19rr/mm-uuuuu
|
| 035 |
|
|
|a CL0640922
|
| 035 |
|
|
|a urn:nbn:sk:snk-abbr9e
|
| 035 |
|
|
|a (urnnbn)urn:nbn:sk:snk:ar-0053yw
|
| 035 |
|
|
|a (uuid)40155113-c010-4b13-94bf-80fa62e50d33
|
| 040 |
|
|
|a SNKBUCL
|b slo
|c SNKBUCL
|e AACR2
|
| 041 |
0 |
|
|a slo
|
| 044 |
|
|
|a xo
|c SK
|
| 080 |
|
|
|a 840-3
|2 1981
|
| 100 |
1 |
|
|a Makine, Andreï,
|d 1957-
|4 aut
|9 163669
|
| 245 |
1 |
0 |
|a Francúzsky testament
|c Andréi Makine ; Prekl. Oľga Hirnerová
|
| 650 |
0 |
7 |
|a romány psychologické
|2 snkbucl
|9 653970
|
| 655 |
|
7 |
|a články z novín a časopisov
|2 snkbucl
|9 267496
|
| 700 |
1 |
|
|a Hirnerová, Oľga,
|d 1943-
|4 trl
|9 256531
|
| 773 |
0 |
|
|t Revue svetovej literatúry
|g Roč. 33, č. 3 (1997), s. 49-67
|x 0231-6269
|
| 850 |
|
|
|a Slovenská národná knižnica
|
| 852 |
|
|
|a Slovenská národná knižnica
|
| 958 |
|
|
|a article15
|
| 958 |
|
|
|a LX
|
| 958 |
|
|
|a FR
|
| 958 |
|
|
|a RK
|
| 958 |
|
|
|a OND
|
| 958 |
|
|
|a EUIPO
|
| 992 |
|
|
|a RBX
|
| 999 |
|
|
|c 2829109
|d 2831039
|